| 000 | 02882cam a22005535i 4500 | ||
|---|---|---|---|
| 001 | 21680594 | ||
| 003 | NUST | ||
| 005 | 20220331093650.0 | ||
| 006 | m |o d | | ||
| 007 | cr ||||||||||| | ||
| 008 | 180629s2018 si |||| o |||| 0|eng | ||
| 010 | _a 2019746857 | ||
| 020 | _a9787547613375 | ||
| 024 | 7 |
_a10.1007/978-981-13-1050-8 _2doi |
|
| 035 | _a(DE-He213)978-981-13-1050-8 | ||
| 038 | _aAZHAR | ||
| 040 |
_aDLC _beng _epn _erda _cDLC |
||
| 072 | 7 |
_aBUS070010 _2bisacsh |
|
| 072 | 7 |
_aKNA _2thema |
|
| 072 | 7 |
_aTVB _2bicssc |
|
| 072 | 7 |
_aTVB _2thema |
|
| 082 | 0 | 4 |
_a338.1 _223 _bYUN 2018 |
| 100 | 1 |
_aZhang, Yunhua. _eauthor. _983149 |
|
| 245 | 1 | 0 |
_aInsights into Chinese Agriculture / _cby Yunhua Zhang. |
| 250 | _a1st ed. 2018. | ||
| 260 |
_aShanghai _bFar East Publishers _c2018 |
||
| 264 | 1 | _c2018. | |
| 300 | _a288p | ||
| 336 |
_atext _btxt _2rdacontent |
||
| 337 |
_acomputer _bc _2rdamedia |
||
| 338 |
_aonline resource _bcr _2rdacarrier |
||
| 347 |
_atext file _bPDF _2rda |
||
| 505 | 0 | _aChapter 1 Does China Have Enough to Eat -- Chapter 2 The Problem of Food Safety -- Chapter 3 Rural Land System and Rights -- Chapter 4 Can Farming Make Money -- Chapter 5 Who Will Till the Land and How Will They Till It. | |
| 520 | _aThis book uses simple economic theories to explain how China's agricultural economic phenomena exists in reality. It also helps the reader to get a clear understanding of economic phenomena, insight into the "hog cycle" and "food safety," as well as other economic and social phenomena. The language of this book is not only easy to understand, but also uses ancient poetry and humor to make the subject interesting, as it speaks to the history and current situation of Chinese agriculture. It also opens a window for the people to read about agriculture. This is a unique book on agricultural science that fills an important gap in works on agricultural science and agricultural economics. | ||
| 563 | _aP.B | ||
| 588 | _aDescription based on publisher-supplied MARC data. | ||
| 650 | 0 |
_aAgricultural economics. _983150 |
|
| 650 | 0 |
_aAgriculture. _925855 |
|
| 650 | 0 |
_aWelfare economics. _983151 |
|
| 650 | 1 | 4 |
_aAgricultural Economics. _0https://scigraph.springernature.com/ontologies/product-market-codes/W47000 _983152 |
| 650 | 2 | 4 |
_aAgriculture. _0https://scigraph.springernature.com/ontologies/product-market-codes/L11006 _925855 |
| 650 | 2 | 4 |
_aSocial Choice/Welfare Economics/Public Choice/Political Economy. _0https://scigraph.springernature.com/ontologies/product-market-codes/W31020 _983153 |
| 776 | 0 | 8 |
_iPrint version: _tInsights into Chinese agriculture. _z9789811310492 _w(DLC) 2018945096 |
| 776 | 0 | 8 |
_iPrinted edition: _z9789811310492 |
| 776 | 0 | 8 |
_iPrinted edition: _z9789811310515 |
| 776 | 0 | 8 |
_iPrinted edition: _z9789811345562 |
| 906 |
_a0 _bibc _corigres _du _encip _f20 _gy-gencatlg |
||
| 942 |
_2ddc _cBK |
||
| 999 |
_c588996 _d588996 |
||